Peninsulas Revealing Peninsulas - Statistics

General Stats
  • This quiz has been taken 2,342 times
    1,407 since last reset
  • The average score is 16 of 31
Answers on the Map
Answers color-coded by a green-red scale on the quiz's map according to % correct below.
 
Answer Stats
Answer % Correct
Iberia
99%
Korean Peninsula
98%
Arabian Peninsula
97%
Florida
97%
Italian Peninsula
97%
Baja California
93%
Anatolia
80%
Jutland
79%
Indochina
77%
Sinai
77%
Crimea
75%
Yucatán Peninsula
66%
Kamchatka Peninsula
65%
Malay Peninsula
58%
Lower Peninsula
56%
Brittany
46%
Cornwall
46%
Peloponnese
44%
Gibraltar
40%
Cape Cod
35%
Ontario Peninsula
28%
Delmarva
27%
Shandong Peninsula
25%
Calabria
20%
Istria
19%
Olympic Peninsula
12%
North Holland
9%
Gallipoli
7%
Antarctic Peninsula
6%
Cotentin Peninsula
6%
Chalkidiki
5%
No matching quizzes found
Score Distribution
Percent of People with Each Score
Percentile by Number Answered
Your Score History
You have not taken this quiz since the last reset